Transport of sequence-specific RNA interference information between cells /
保存先:
| 第一著者: | |
|---|---|
| その他の著者: | |
| フォーマット: | 論文 |
| 言語: | English |
| 主題: | |
| タグ: |
タグ追加
タグなし, このレコードへの初めてのタグを付けませんか!
|
| Thư viện lưu trữ: | Thư viện Trường Đại học Đà Lạt |
|---|
| LEADER | 00858nam a2200301 4500 | ||
|---|---|---|---|
| 001 | DLU090067065 | ||
| 005 | ##20090424 | ||
| 040 | # | # | |a DLU |b eng |
| 041 | # | # | |a eng |
| 044 | # | # | |a US |
| 100 | # | # | |a Jose, Antony M. |
| 245 | # | # | |a Transport of sequence-specific RNA interference information between cells / |c Antony M. Jose, Craig P. Hunter. |
| 653 | # | # | |a DsRNA import |
| 653 | # | # | |a Endocytosis |
| 653 | # | # | |a Epigenetics |
| 653 | # | # | |a Gene silencing |
| 653 | # | # | |a SiRNA |
| 700 | # | # | |a Hunter, Craig P. |
| 773 | # | # | |t Annual Review of Genetics |g Vol. 41 (2007), p. 305-330 |
| 920 | # | # | |a Phòng Tạp chí -- Trung tâm Thông tin - Thư viện Trường Đại học Đà Lạt |
| 994 | # | # | |a DLU |
| 900 | # | # | |a True |
| 911 | # | # | |a Trương Bảo Trâm Anh |
| 925 | # | # | |a G |
| 926 | # | # | |a A |
| 927 | # | # | |a BB |
| 980 | # | # | |a Thư viện Trường Đại học Đà Lạt |